Teresa : (Record no. 192679)

MARC details
000 -LEADER
campo de control de longitud fija 01288nam a2200349 i 4500
001 - NÚMERO DE CONTROL
campo de control 192679
003 - IDENTIFICADOR DE NÚMERO DE CONTROL
campo de control SpMaBN
005 - FECHA Y HORA DE LA ÚLTIMA TRANSACCIÓN
campo de control 20240228063040.0
007 - CAMPO FIJO DE DESCRIPCIÓN FÍSICA--INFORMACIÓN GENERAL
campo de control de longitud fija ta
008 - DATOS DE LONGITUD FIJA--INFORMACIÓN GENERAL
campo de control de longitud fija 230518s2018 sp | |||| 000 0bspa
017 ## - NÚMERO DE COPYRIGHT O DE DEPÓSITO LEGAL
Número de copyright o de depósito legal AL 1393-2018
Agencia que asigna Oficina Depósito Legal Almería
020 ## - NÚMERO INTERNACIONAL ESTÁNDAR DEL LIBRO
Número Internacional Estándar del Libro 9788491946496
035 ## - NÚMERO DE CONTROL DEL SISTEMA
Número de control de sistema (OCoLC)1103685714
040 ## - FUENTE DE CATALOGACIÓN
Centro catalogador/agencia de origen SpMaBN
Lengua de catalogación spa
Centro/agencia transcriptor ES-MaACL
Normas de descripción rda
080 ## - NÚMERO DE LA CLASIFICACIÓN DECIMAL UNIVERSAL
Número de la Clasificación Decimal Universal 929 Teresa de Jesús, Santa
080 ## - NÚMERO DE LA CLASIFICACIÓN DECIMAL UNIVERSAL
Número de la Clasificación Decimal Universal 27 Teresa de Jesús, Santa
100 1# - ENTRADA PRINCIPAL--NOMBRE DE PERSONA
Nombre de persona Campos Monsalve, Julia de,
Fechas asociadas al nombre 1950-
Término indicativo de función/relación Autor
9 (RLIN) 159431
245 10 - MENCIÓN DEL TÍTULO
Título Teresa :
Resto del título contra viento y marea /
Mención de responsabilidad, etc. Julia de Campos Monsalve
250 ## - MENCION DE EDICION
Mención de edición Primera edición: diciembre 2018
260 ## - PUBLICACIÓN, DISTRIBUCIÓN, ETC.
Lugar de publicación, distribución, etc. [Roquetas de Mar, Almería] :
Nombre del editor, distribuidor, etc. Círculo Rojo,
Fecha de publicación, distribución, etc. 2018
300 ## - DESCRIPCIÓN FÍSICA
Extensión 291 páginas ;
Dimensiones 21 cm
336 ## - TIPO DE CONTENIDO
Término de tipo de contenido Texto
Fuente rdacontent
337 ## - TIPO DE MEDIO
Nombre/término del tipo de medio sin mediación
Fuente rdamedia
338 ## - TIPO DE SOPORTE
Nombre/término del tipo de soporte volumen
Fuente rdacarrier
504 ## - NOTA DE BIBLIOGRAFÍA, ETC.
Nota de bibliografía, etc. Bibliografía: página 291
600 00 - PUNTO DE ACCESO ADICIONAL DE MATERIA--NOMBRE DE PERSONA
Nombre de persona Teresa de Jesús,
Títulos y otros términos asociados al nombre Santa,
Fechas asociadas al nombre 1515-1582-
Subdivisión general Biografías
9 (RLIN) 226365
852 ## - LOCALIZACIÓN
Ubicación ES-MaACL
Sublocalización o colección R.152928
Ubicación en estantería Depósito J
Anotaciones manuscritas Dedicatoria autógrafa de la autora
Donativo/Legado Donación: Julia de Campos Monsalve
Número de control de estantería N-8312
itemnumber 199975
903 ## - NOMBRE PERSONAL DE DONANTE
9 159431
a Campos Monsalve, Julia de,
d 1950-
e Donante
942 ## - ELEMENTOS DE ENTRADA SECUNDARIOS (KOHA)
Suprimir en OPAC No
Tipo de ítem Koha Libro impreso
Holdings
Estatus retirado Estado de pérdida Fuente del sistema de clasificación o colocación Estado de daño No para préstamo Colección Biblioteca de origen Biblioteca actual Ubicación en estantería Fecha de adquisición Fuente de adquisición Total de préstamos Signatura topográfica completa Código de barras Visto por última vez Tipo de ítem Koha Nota pública
    Clasificación decimal universal     Libros con dedicatorias Biblioteca del Ateneo de Madrid Biblioteca del Ateneo de Madrid Depósito J 05/10/2020 Donación   N-8312 101205248 11/05/2023 Libro impreso Dedicatoria autógrafa de la autora